000 nam a22 a 4500
999 _c419157
_d419157
003 BLK
005 20210610155938.0
008 210610b bu |||||r|||| 00| | bu d
040 _aBLK
041 _aRUS
_cRUS
080 _aТерапия. Терапевтика. Фармакология
_b616-085
_z616-085
080 _aНервна система. Сетивни органи - Гръбначен мозък, периферна нервна система, вегитативна нервна система
_b611.8
_z611.8
100 _91299
_aЗакусов, В. В.
_eпърви автор
139 _aЗакусов, В. В.
245 _aФармакология нервной системы
_cВ. В. Закусов
260 _9450579
_aЛенинград
_bМедгиз, Ленингр. отд-ние
_c1953
300 _a258 с.
_c27 см
380 _a61
650 7 _9175152
_aФармакология
653 7 _9188697
_aклинична фармакология
653 7 _9192116
_aнервна система
852 _aЦб 6.270.41794
_bО
942 _cKNG
_n0
_s1
944 _aCR
_c2021-06-10
_kХристина Везирева